| 000 | 01258cam a2200337 i 4500 | ||
|---|---|---|---|
| 999 |
_c200443275 _d61487 |
||
| 003 | TR-AnTOB | ||
| 005 | 20230908164911.0 | ||
| 007 | ta | ||
| 008 | 970908s1981 tu a b 000 0 tur d | ||
| 035 | _a(OCoLC)850510004 | ||
| 040 |
_aUA@ _btur _erda _cUA@ _dTR-AnTOB |
||
| 041 | 0 | _atur | |
| 050 | 0 | 0 |
_aHJ2906.5 _b.H47 1981 |
| 090 | _aTOBBK HJ2906.5 .H47 1981 | ||
| 099 | _a336.2 HEP 1981 | ||
| 100 |
_aHeper, Fethi _d1944- _eauthor _992176 |
||
| 245 | 1 | 0 |
_aToplumsal yapı ile vergi yapıları arasındaki ilişkiler : _bTürk vergi yapısına ilişkin istatistiki bir model denemesi, 1950-1971 / _cFethi Heper. |
| 264 | 1 |
_aEskişehir : _bEskişehir İktisadi ve Ticari İlimler Akademisi, _c1981. |
|
| 300 |
_ax, 99 pages : _btables ; _c24 cm |
||
| 336 |
_atext _btxt _2rdacontent |
||
| 337 |
_aunmediated _bn _2rdamedia |
||
| 338 |
_avolume _bnc _2rdacarrier |
||
| 490 | 1 |
_aEskişehir İktisadi ve Ticari İlimler Akademisi yayınları ; _v126/148. |
|
| 650 | 0 |
_aTaxation _zTurkey _987333 |
|
| 650 | 7 |
_aVergilendirme _zTürkiye _2 _987331 |
|
| 653 | _aSocial structure--Turkey--Taxation | ||
| 710 | 2 |
_aEskişehir İktisadi ve Ticari İlimler Akademisi _991404 |
|
| 942 |
_2z _cBK |
||